000 00446cam a2200193ua 4500
001 2398
005 20260515113504.0
008 110812n ii |||gr||||Z||||||asm
040 _cMAIN
082 _a398.054162
100 _aGogoi, Lila,
245 1 _aAsamar sanskriti
_cby Lila Gogoi
250 _a2nd.
260 _aGuahati:
_bBina Library,986.
300 _a285p:
_c23cm.
653 _aFolklore
653 _aAssamese culture
942 _cBK
999 _c2253
_d2253